A modern theory of integration

Αποθηκεύτηκε σε:
Λεπτομέρειες βιβλιογραφικής εγγραφής
Κύριος συγγραφέας: Bartle, Robert G., 1927-2003
Μορφή: Βιβλίο
Γλώσσα:English
Δημοσίευση: Providence, RI : American Mathematical Society, c2001
Σειρά:Graduate studies in mathematics ; ; 32
Θέματα:
Ετικέτες: Προσθήκη ετικέτας
Δεν υπάρχουν, Καταχωρήστε ετικέτα πρώτοι!

MARC

LEADER 00000nam a2200000 i 4500
001 1/58364
008 071012s2001 eng d
020 |a 0-8218-0845-1 
035 |l 10091476 
040 |a GR-MY-UA  |b gre  |e aacr 
041 0 |a eng 
082 0 |a 515.42  |2 (22) 
100 1 |a Bartle, Robert G.,   |d 1927-2003. 
245 1 2 |a A modern theory of integration /  |c Robert G. Bartle 
260 |a Providence, RI :   |b American Mathematical Society,   |c c2001 
300 |a xiv, 458 σ.;  |c 26 εκ. 
490 1 |a Graduate studies in mathematics  |v ; 32 
504 |a Περιλαμβάνει βιβλιογραφικές παραπομπές και ευρετήριο 
650 0 0 |a Integrals. 
830 0 |a Graduate studies in mathematics ;  |v ; 32 
852 |a INST  |b CHIOS  |e 20071012  |h 515.42 BAR  |p 005200028747  |q 005200028747  |t BK  |y 0 
901 |a BIBL2-2007-3 
909 |a Χ  |b 139644 
922 |a 2ΕΛΗ  |b 200709  |c ΕΠΕΑΕΚ2/ΤΜΟΔ  |d ΠΑΠΑΣΩΤΗΡΙΟΥ 
970 |a ΒΑΣΙΛΑΚΗ  |b ΝΙΚΗ  |z 2007/10/12